000 00506nam a22001937a 4500
003 KOHA_MİRAKIL
005 20260324120918.0
008 260324b tu ||||| |||| 00| 0 tur d
040 _aTR-AnABB
_btur
_cTR-AnABB
041 _atur
082 _a920
_bNAR 2010
100 1 _aNarayanan, K. R.
245 1 0 _aNehru ve vizyonu /
_cK. R. Narayanan
260 _aİstanbul :
_bDC Books,
_c2010
300 _a149 sayfa ;
_c20 cm
500 _aYazar imzalı
650 0 4 _aAnı
942 _2ddc
_cBK
999 _c10011
_d10011
900 _bCan ÇELIK